000 00471nam a2200181Ia 4500
005 20250326125824.0
008 250326s9999 xx 000 0 und d
037 _aTextbook
040 _aFMSL
_beng
_cFMSL
041 _aeng
_2eng
084 _aX:8 N6
_qFMSL
100 _aSolomon E
_9738118
245 0 _aManagement of corporate capital
_cSolomon E
260 _aNY
_bNY, Free
_c1966
300 _a327p
942 _cTB
_hX:8 N6
999 _c1279735
_d1279735